[Event "Riga Tech op-A"]
[Site "Riga"]
[Date "2023.08.11"]
[Round "7"]
[White "Agdestein, Simen"]
[Black "Rakesh, Kumar Jena"]
[Result "1-0"]
[WhiteElo "2593"]
[BlackElo "2289"]
[PlyCount "59"]
[EventDate "2023.08.07"]
[EventType "swiss"]
[EventRounds "9"]
[EventCountry "LAT"]
[SourceTitle "CBM 215 Extra"]
[Source "ChessBase"]
[SourceDate "2023.09.30"]
[SourceVersion "1"]
[SourceVersionDate "2023.09.30"]
[SourceQuality "1"]

1. e4 c5 2. Nf3 d6 3. d4 cxd4 4. Nxd4 Nf6 5. Nc3 Nc6 6. Bg5 e6 7. Qd3 a6 8. Nxc6 bxc6 9. 0-0-0 Qa5 10. Bxf6 gxf6 11. Qf3 Qe5 12. Bc4 Rb8 13. Kb1 Bg7 14. Bb3 c5 15. Qe3 c4 16. f4 Qc5 17. Qxc5 dxc5 18. Bxc4 f5 19. e5 f6 20. exf6 Bxf6 21. Na4 Be7 22. Rhe1 Bd7 23. Nc3 Rb6 24. Rd3 Rg8 25. g3 Rg6 26. a4 Bf6 27. b3 Bd4 28. Nd5 Rd6 29. c3 Bh8 30. Nf6+ 1-0

[Event "Riga Tech op-A"]
[Site "Riga"]
[Date "2023.08.07"]
[Round "1"]
[White "Blauhut, Holger"]
[Black "Agdestein, Simen"]
[Result "0-1"]
[WhiteElo "2074"]
[BlackElo "2593"]
[PlyCount "100"]
[EventDate "2023.08.07"]
[EventType "swiss"]
[EventRounds "9"]
[EventCountry "LAT"]
[SourceTitle "EXT 2024"]
[Source "ChessBase"]
[SourceDate "2023.10.10"]
[SourceVersion "1"]
[SourceVersionDate "2023.10.10"]
[SourceQuality "1"]

1. e4 c5 2. Nf3 d6 3. Bb5+ Nd7 4. d4 cxd4 5. Qxd4 a6 6. Be2 e5 7. Qe3 Ngf6 8. 0-0 Nc5 9. Nfd2 Be7 10. c4 Nfd7 11. Nb3 Ne6 12. Qd3 a5 13. a4 Ndc5 14. Nxc5 Nxc5 15. Qc2 Bg5 16. Nc3 0-0 17. Rd1 Bxc1 18. Raxc1 f5 19. Bf3 f4 20. Rb1 Ra6 21. b4 axb4 22. Rxb4 Bd7 23. Nb5 Rf6 24. Rd2 Qa5 25. Rb1 Kf8 26. Bd1 Bc6 27. f3 Nxa4 28. Kh1 Nc5 29. h3 Qd8 30. Be2 Qe7 31. Qb2 g5 32. Rbd1 Be8 33. Ra1 Kg7 34. Nc3 Bc6 35. Rxa6 bxa6 36. Qb6 Qb7 37. Qd8 Qd7 38. Qb8 h5 39. Nd5 Rf8 40. Qb1 Rd8 41. Rb2 a5 42. Rb8 Bb7 43. Rxd8 Qxd8 44. Qb5 a4 45. Nb4 a3 46. Bd1 g4 47. Ba4 gxf3 48. gxf3 Qh4 49. Qe8 Qxh3+ 50. Kg1 Qg3+ 0-1

[Event "Riga Tech Rapid op"]
[Site "Riga"]
[Date "2023.08.06"]
[Round "8"]
[White "Agdestein, Simen"]
[Black "Blomqvist, Erik"]
[Result "1/2-1/2"]
[WhiteElo "2593"]
[BlackElo "2488"]
[PlyCount "172"]
[EventDate "2023.08.06"]
[EventType "swiss (rapid)"]
[EventRounds "9"]
[EventCountry "LAT"]
[SourceTitle "CBM 215 Extra"]
[Source "ChessBase"]
[SourceDate "2023.09.30"]
[SourceVersion "1"]
[SourceVersionDate "2023.09.30"]
[SourceQuality "1"]

1. c4 e5 2. Nc3 Nf6 3. Nf3 Nc6 4. e3 Bb4 5. Nd5 Bd6 6. Qc2 Nxd5 7. cxd5 Ne7 8. Bc4 0-0 9. b3 f6 10. Bb2 Kh8 11. 0-0 c6 12. dxc6 dxc6 13. d4 e4 14. Qxe4 Bf5 15. Qh4 Qd7 16. h3 b5 17. Be2 Rae8 18. Nd2 Nd5 19. Bg4 Bb4 20. Rad1 Bxg4 21. Qxg4 Qxg4 22. hxg4 Bxd2 23. Rxd2 Re4 24. Rc1 Rc8 25. a3 Rxg4 26. Rdc2 Ne7 27. d5 Nxd5 28. Rxc6 Rxc6 29. Rxc6 h6 30. Rc5 Nb6 31. Rxb5 Re4 32. Bd4 Re6 33. a4 Kh7 34. a5 Nc8 35. Rc5 Ne7 36. b4 Ra6 37. Bc3 Re6 38. b5 Rd6 39. Bd4 Nd5 40. Kf1 Nb4 41. Ke2 Rd7 42. g4 Kg6 43. Rc4 Nd5 44. b6 axb6 45. axb6 Kg5 46. f3 h5 47. gxh5 f5 48. Rc6 Kxh5 49. e4 Nf4+ 50. Ke3 Ng2+ 51. Kd3 Nf4+ 52. Kc4 fxe4 53. fxe4 g5 54. Rc7 Rd8 55. Re7 g4 56. b7 g3 57. Rh7+ Kg4 58. Rg7+ Kf3 59. Ba7 Ne6 60. Rf7+ Kxe4 61. b8Q Rxb8 62. Bxb8 g2 63. Rg7 Nxg7 64. Ba7 Nf5 65. Bg1 Nh4 66. Kc3 Nf3 67. Bf2 Ng5 68. Kd2 Kf3 69. Ba7 Nh3 70. Ke1 Nf4 71. Kd2 Nd5 72. Bg1 Nf4 73. Ba7 Nh3 74. Ke1 Ng5 75. Kd2 Ne6 76. Ke1 Nc7 77. Kd2 Nd5 78. Bd4 Nf6 79. Ke1 Ne4 80. Ba7 Nf6 81. Bd4 Ng4 82. Bg1 Ke4 83. Ke2 Kf4 84. Ba7 Kg3 85. Bb8+ Kh3 86. Ba7 Kg3 1/2-1/2

[Event "Riga Tech Rapid op"]
[Site "Riga"]
[Date "2023.08.06"]
[Round "5"]
[White "Agdestein, Simen"]
[Black "Jobava, Baadur"]
[Result "1-0"]
[WhiteElo "2593"]
[BlackElo "2574"]
[PlyCount "149"]
[EventDate "2023.08.06"]
[EventType "swiss (rapid)"]
[EventRounds "9"]
[EventCountry "LAT"]
[SourceTitle "CBM 215 Extra"]
[Source "ChessBase"]
[SourceDate "2023.09.30"]
[SourceVersion "1"]
[SourceVersionDate "2023.09.30"]
[SourceQuality "1"]

1. d4 c6 2. c4 Nf6 3. Nc3 d5 4. Nf3 dxc4 5. a4 a5 6. e4 Bg4 7. Bxc4 e6 8. h3 Bh5 9. 0-0 Be7 10. Re1 Nbd7 11. Ba2 0-0 12. g4 Bg6 13. Nh4 Qb6 14. Nxg6 hxg6 15. g5 Nh5 16. Qe2 e5 17. d5 Kh7 18. Be3 Bc5 19. Rad1 Rad8 20. Kh2 f6 21. dxc6 bxc6 22. Be6 Bxe3 23. fxe3 Nc5 24. Bf5 Rxd1 25. Rxd1 Ng3 26. Kxg3 gxf5 27. Qh5+ Kg8 28. g6 Nxe4+ 29. Nxe4 Qxe3+ 30. Kh2 Qh6 31. Qxf5 Rb8 32. Rd2 Kf8 33. Rf2 Kg8 34. Nd6 Kf8 35. Ne4 Kg8 36. Rg2 Kh8 37. Nd6 Qh4 38. Qg4 Qxg4 39. hxg4 Rb4 40. Kg3 Kg8 41. Rc2 Kf8 42. Nf5 Rb3+ 43. Kh4 Rb6 44. g5 Rb4+ 45. Kh5 Rf4 46. Nd6 Ke7 47. Rxc6 f5 48. Nc8+ Kd7 49. Rc2 e4 50. Nb6+ Kd6 51. Rd2+ Ke6 52. Nc4 Rf1 53. Kh4 f4 54. Kg4 e3 55. Rd6+ Ke7 56. Rd4 Ke6 57. b3 Rf2 58. Rd6+ Ke7 59. Rd5 e2 60. Re5+ Kd7 61. Re4 Kc6 62. Re5 Kd7 63. Nd2 Kd6 64. Re8 Kd5 65. Nf3 Rg2+ 66. Kxf4 Kc5 67. Re4 Kd5 68. Re5+ Kd6 69. Re3 Kc5 70. Re4 Kd5 71. Re8 Kc5 72. Ne1 Rf2+ 73. Ke3 Rf5 74. Nd3+ Kd6 75. Kxe2 1-0

[Event "Riga Tech Rapid op"]
[Site "Riga"]
[Date "2023.08.06"]
[Round "4"]
[White "Oye Stromberg, Alexander"]
[Black "Agdestein, Simen"]
[Result "0-1"]
[WhiteElo "2292"]
[BlackElo "2593"]
[PlyCount "60"]
[EventDate "2023.08.06"]
[EventType "swiss (rapid)"]
[EventRounds "9"]
[EventCountry "LAT"]
[SourceTitle "CBM 215 Extra"]
[Source "ChessBase"]
[SourceDate "2023.09.30"]
[SourceVersion "1"]
[SourceVersionDate "2023.09.30"]
[SourceQuality "1"]

1. e4 e6 2. Nf3 d5 3. e5 c5 4. b4 cxb4 5. d4 Nc6 6. a3 Bd7 7. axb4 Bxb4+ 8. c3 Bf8 9. Bd3 b5 10. Ng5 g6 11. Qf3 Nh6 12. h4 b4 13. h5 Qe7 14. Rh4 Nf5 15. Rh3 Bh6 16. Qg4 0-0-0 17. hxg6 hxg6 18. Ba6+ Kb8 19. Qe2 Ka8 20. g4 Bxg5 21. Qb5 Rb8 22. Rxh8 Be8 23. Rxe8 Qxe8 24. Qc5 Be7 25. gxf5 Bxc5 26. dxc5 exf5 27. f4 f6 28. Be2 fxe5 29. fxe5 Qxe5 30. Ra6 Re8 0-1

[Event "Riga Tech Rapid op"]
[Site "Riga"]
[Date "2023.08.06"]
[Round "6"]
[White "Pultinevicius, Paulius"]
[Black "Agdestein, Simen"]
[Result "1-0"]
[WhiteElo "2525"]
[BlackElo "2593"]
[PlyCount "100"]
[EventDate "2023.08.06"]
[EventType "swiss (rapid)"]
[EventRounds "9"]
[EventCountry "LAT"]
[SourceTitle "CBM 215 Extra"]
[Source "ChessBase"]
[SourceDate "2023.09.30"]
[SourceVersion "1"]
[SourceVersionDate "2023.09.30"]
[SourceQuality "1"]

1. d4 Nf6 2. c4 e6 3. Nc3 Bb4 4. e3 0-0 5. Bd3 d5 6. Nf3 c5 7. 0-0 Nc6 8. a3 Bxc3 9. bxc3 dxc4 10. Bxc4 Qc7 11. Bb2 e5 12. h3 Bf5 13. Rc1 Bg6 14. a4 Rad8 15. Bb5 e4 16. Bxc6 bxc6 17. Ne5 Rfe8 18. Nxg6 hxg6 19. Ba3 Nd7 20. Qb3 Qa5 21. Rfd1 cxd4 22. cxd4 Rb8 23. Qc2 Re6 24. Rb1 Rxb1 25. Rxb1 Nb6 26. Rb4 Kh7 27. Kh2 Qa6 28. Qc5 Qf1 29. a5 Nd5 30. Rb2 Rf6 31. Qc2 Re6 32. Rb7 Rf6 33. Rb2 Re6 34. Bc5 Qa6 35. Ra2 f5 36. Qe2 Qc8 37. Ra1 a6 38. Kg1 f4 39. exf4 Nxf4 40. Qg4 Nd5 41. Rb1 e3 42. fxe3 Nxe3 43. Qh4+ Kg8 44. Qf4 Re8 45. Bd6 Qe6 46. Be5 Qa2 47. Qe4 Nf5 48. Rc1 Qxa5 49. Rxc6 Kh7 50. Qg4 Kg8 1-0

[Event "Riga Tech Rapid op"]
[Site "Riga"]
[Date "2022.08.14"]
[Round "4"]
[White "Agdestein, Simen"]
[Black "Glek, Igor Vladimirovich"]
[Result "1-0"]
[WhiteElo "2576"]
[BlackElo "2467"]
[PlyCount "99"]
[EventDate "2022.08.14"]
[EventType "swiss (rapid)"]
[EventRounds "9"]
[EventCountry "LAT"]
[SourceTitle "CBM 209 Extra"]
[Source "ChessBase"]
[SourceDate "2022.09.30"]
[SourceVersion "1"]
[SourceVersionDate "2022.09.30"]
[SourceQuality "1"]

1. c4 e5 2. Nc3 Bb4 3. Nd5 a5 4. a3 Be7 5. d4 d6 6. e4 Nc6 7. Ne2 Nf6 8. Nxe7 Qxe7 9. f3 0-0 10. d5 Nb8 11. Ng3 a4 12. Bd3 Bd7 13. Bc2 b5 14. cxb5 Bxb5 15. Nf5 Qd8 16. Bg5 Nbd7 17. Qd2 Kh8 18. h4 Rg8 19. h5 Qf8 20. Rc1 h6 21. Be3 Nc5 22. g4 Bd7 23. Ng3 Nh7 24. Qc3 Ng5 25. Kf2 Qe7 26. Kg2 Rgb8 27. Rhf1 Rb5 28. Rb1 Rab8 29. Rf2 f6 30. Bd1 R8b7 31. Qd2 Qf8 32. Be2 Rb3 33. Bc4 Rxa3 34. Bxc5 dxc5 35. Rc1 Rab3 36. Bxb3 Rxb3 37. Rc3 Rb5 38. Qc2 Qb8 39. Rxc5 Rb7 40. Qc1 Bb5 41. Rfc2 Bd3 42. Rd2 Bb5 43. d6 c6 44. d7 Qd8 45. Rxc6 Bxc6 46. Qxc6 Nf7 47. Qxa4 Qb8 48. Qa2 Nd8 49. Nf5 Qc7 50. Ne7 1-0

[Event "Riga Tech Rapid op"]
[Site "Riga"]
[Date "2022.08.14"]
[Round "8"]
[White "Agdestein, Simen"]
[Black "Unneland, Mathias"]
[Result "0-1"]
[WhiteElo "2576"]
[BlackElo "2257"]
[PlyCount "54"]
[EventDate "2022.08.14"]
[EventType "swiss (rapid)"]
[EventRounds "9"]
[EventCountry "LAT"]
[SourceTitle "CBM 209 Extra"]
[Source "ChessBase"]
[SourceDate "2022.09.30"]
[SourceVersion "1"]
[SourceVersionDate "2022.09.30"]
[SourceQuality "1"]

1. c4 Nf6 2. Nc3 e5 3. g3 c6 4. Nf3 e4 5. Nd4 Qb6 6. Nb3 a5 7. d3 a4 8. Nd2 exd3 9. e3 d5 10. cxd5 Bg4 11. Nf3 a3 12. bxa3 Bxa3 13. Bg2 Qc5 14. Qxd3 Bb4 15. Bd2 Ra3 16. Rc1 Nxd5 17. Qe4+ Be6 18. Ne2 Qa5 19. Qd4 Rxa2 20. 0-0 Bxd2 21. Qxg7 Rf8 22. Nxd2 Qxd2 23. Nd4 Nxe3 24. Qe5 Nxf1 25. Rxf1 Nd7 26. Qg7 Qb2 27. Re1 Ra1 0-1

[Event "NOR-ch"]
[Site "Kongsvinger"]
[Date "2022.07.11"]
[Round "4"]
[White "Elsness, Frode"]
[Black "Agdestein, Simen"]
[Result "0-1"]
[WhiteElo "2464"]
[BlackElo "2559"]
[PlyCount "80"]
[EventDate "2022.07.08"]
[EventType "swiss"]
[EventRounds "9"]
[EventCountry "NOR"]
[SourceTitle "CBM 209 Extra"]
[Source "ChessBase"]
[SourceDate "2022.09.30"]
[SourceVersion "1"]
[SourceVersionDate "2022.09.30"]
[SourceQuality "1"]

1. d4 d5 2. c4 e6 3. Nc3 c6 4. e3 Nf6 5. Nf3 Nbd7 6. Qc2 Bd6 7. b3 0-0 8. Be2 b6 9. 0-0 Bb7 10. Bb2 Qe7 11. Rad1 Rfe8 12. Rfe1 Rad8 13. Bf1 Bb4 14. a3 Bxa3 15. Bxa3 Qxa3 16. Ra1 Qd6 17. Rxa7 Qb8 18. Rea1 dxc4 19. bxc4 c5 20. d5 exd5 21. cxd5 Nxd5 22. Nxd5 Bxd5 23. Bb5 Re7 24. Qa4 Bb7 25. Qb3 Ne5 26. Nxe5 Qxe5 27. Bc4 Qf6 28. f3 h5 29. Rb1 Rd2 30. Ra2 Rxa2 31. Qxa2 Rxe3 32. Qd2 Re7 33. h3 Kh7 34. Qd3+ g6 35. Kh1 Bc8 36. Qb3 Bf5 37. Rd1 Kg7 38. Bf1 Rd7 39. Re1 Rd2 40. Qb5 Bxh3 0-1

[Event "NOR-ch"]
[Site "Kongsvinger"]
[Date "2022.07.08"]
[Round "1"]
[White "Agdestein, Simen"]
[Black "Kaasen, Tor Fredrik"]
[Result "1-0"]
[WhiteElo "2559"]
[BlackElo "2433"]
[PlyCount "63"]
[EventDate "2022.07.08"]
[EventType "swiss"]
[EventRounds "9"]
[EventCountry "NOR"]
[SourceTitle "CBM 209 Extra"]
[Source "ChessBase"]
[SourceDate "2022.09.30"]
[SourceVersion "1"]
[SourceVersionDate "2022.09.30"]
[SourceQuality "1"]

1. c4 g6 2. Nc3 c5 3. g3 Bg7 4. Bg2 Nc6 5. Nf3 Nf6 6. d4 d6 7. d5 Na5 8. Nd2 0-0 9. 0-0 e6 10. Rb1 exd5 11. cxd5 Rb8 12. b4 cxb4 13. Rxb4 Bf5 14. Bb2 a6 15. Qa1 Re8 16. a4 Rc8 17. h3 h5 18. e4 Bd7 19. Ncb1 b5 20. Na3 Nb7 21. axb5 Qa5 22. bxa6 Nc5 23. Bxf6 Bxf6 24. Qxf6 Qxb4 25. Nac4 Nb3 26. Nxd6 Nxd2 27. Qxf7+ Kh8 28. Qxd7 Rf8 29. Nxc8 Nxf1 30. Qe7 Qxe7 31. Nxe7 Re8 32. d6 1-0

[Event "Krakow op-A"]
[Site "Krakow"]
[Date "2022.06.28"]
[Round "5"]
[White "Agdestein, Simen"]
[Black "Fus, Jakub"]
[Result "0-1"]
[WhiteElo "2559"]
[BlackElo "2390"]
[PlyCount "84"]
[EventDate "2022.06.25"]
[EventType "swiss"]
[EventRounds "9"]
[EventCountry "POL"]
[SourceTitle "CBM 209 Extra"]
[Source "ChessBase"]
[SourceDate "2022.09.30"]
[SourceVersion "1"]
[SourceVersionDate "2022.09.30"]
[SourceQuality "1"]

1. d4 Nf6 2. c4 e6 3. Nc3 Bb4 4. e3 0-0 5. Nge2 c6 6. a3 Ba5 7. g3 d5 8. b4 Bc7 9. cxd5 exd5 10. Bg2 Re8 11. 0-0 h5 12. h3 Bf5 13. Nf4 Bxf4 14. exf4 a5 15. Be3 axb4 16. axb4 Na6 17. Qb3 Qd6 18. b5 Nb4 19. Rxa8 Rxa8 20. bxc6 bxc6 21. Bd2 Nc2 22. Qb7 Re8 23. Qb6 Nd7 24. Qa7 Qb8 25. Qa4 Nb6 26. Qa6 Nc4 27. Rd1 Nxd4 28. Be3 Nc2 29. Bc5 Qa8 30. Qxa8 Rxa8 31. Nxd5 cxd5 32. Rxd5 g6 33. Kh2 Rc8 34. Be7 Kg7 35. Rc5 Rxc5 36. Bxc5 Nd2 37. Bb7 Ne1 38. Bb4 Ndf3+ 39. Kh1 Bxh3 40. Bxe1 Nxe1 41. Kg1 Bg4 42. Kf1 Bf3 0-1

[Event "Krakow op-A"]
[Site "Krakow"]
[Date "2022.06.27"]
[Round "4"]
[White "Warakomski, Tomasz"]
[Black "Agdestein, Simen"]
[Result "1/2-1/2"]
[WhiteElo "2535"]
[BlackElo "2559"]
[PlyCount "51"]
[EventDate "2022.06.25"]
[EventType "swiss"]
[EventRounds "9"]
[EventCountry "POL"]
[SourceTitle "CBM 209 Extra"]
[Source "ChessBase"]
[SourceDate "2022.09.30"]
[SourceVersion "1"]
[SourceVersionDate "2022.09.30"]
[SourceQuality "1"]

1. e4 c5 2. Nf3 e6 3. d4 cxd4 4. Nxd4 Nf6 5. Nc3 Nc6 6. Nxc6 bxc6 7. e5 Nd5 8. Ne4 Bb7 9. Be2 c5 10. 0-0 Qc7 11. Nd6+ Bxd6 12. exd6 Qc6 13. f3 Qb6 14. c4 Nb4 15. Be3 a5 16. Qa4 Bc6 17. Qb3 a4 18. Qc3 0-0 19. a3 Na6 20. Rf2 Bb7 21. Rd1 Nb8 22. Qe5 Ra5 23. Bd2 Ra6 24. Be3 Ra5 25. Bd2 Ra6 26. Be3 1/2-1/2

[Event "Online Olym Div2 C"]
[Site "Chess.com INT"]
[Date "2021.09.02"]
[Round "3.1"]
[White "Agdestein, Simen"]
[Black "Stupak, Kirill"]
[Result "1/2-1/2"]
[WhiteElo "2552"]
[BlackElo "2492"]
[PlyCount "301"]
[EventDate "2021.09.02"]
[EventType "team (rapid)"]
[EventRounds "9"]
[EventCountry "USA"]
[SourceTitle "CBM 204 Extra"]
[Source "ChessBase"]
[SourceDate "2021.11.30"]
[SourceVersion "1"]
[SourceVersionDate "2021.11.30"]
[SourceQuality "1"]
[WhiteTeam "Norway"]
[BlackTeam "Belarus"]
[WhiteTeamCountry "NOR"]
[BlackTeamCountry "BLR"]

1. d4 Nf6 2. c4 e6 3. Nc3 Bb4 4. e3 b6 5. Nge2 Bb7 6. a3 Be7 7. d5 0-0 8. g3 b5 9. b3 bxc4 10. bxc4 Na6 11. Bg2 Nc5 12. 0-0 exd5 13. cxd5 Bd6 14. a4 Re8 15. Ba3 Nce4 16. Bxd6 Nxd6 17. Qd4 Ba6 18. Rfb1 Bxe2 19. Nxe2 Qe7 20. Rc1 Rec8 21. Ra2 Nde8 22. Rac2 d6 23. Qh4 Qd8 24. Nd4 Nd7 25. Qxd8 Rxd8 26. Nc6 Nc5 27. a5 Rdb8 28. Nxb8 Rxb8 29. e4 Kf8 30. f3 Rb5 31. Ra1 Nf6 32. Bf1 Rb3 33. Kf2 Nfd7 34. Bc4 Rb4 35. Ra3 Ne5 36. Be2 g5 37. Rac3 Ke7 38. Rxc5 dxc5 39. Rxc5 Kd6 40. Rc3 c5 41. f4 gxf4 42. gxf4 Ng6 43. Ke3 f5 44. e5+ Kxd5 45. Bf3+ Ke6 46. Rxc5 Rb3+ 47. Kf2 Nxf4 48. Rc7 Nd3+ 49. Ke2 Nf4+ 50. Kf2 Nd3+ 51. Kf1 Nxe5 52. Ba8 Rb1+ 53. Ke2 Rb2+ 54. Kd1 a6 55. Ra7 Nc4 56. Rxa6+ Ke5 57. Ra7 Rxh2 58. a6 Ra2 59. Bb7 Nb6 60. Bc6 Ra5 61. Kc2 h5 62. Kb3 h4 63. Kb4 Ra1 64. Rh7 Rxa6 65. Kb5 Ra2 66. Kxb6 Rh2 67. Kc5 Rc2+ 68. Kb5 Rb2+ 69. Kc5 Rc2+ 70. Kb6 Rh2 71. Rh5 Ke6 72. Kc7 f4 73. Bd7+ Kf6 74. Rf5+ Kg6 75. Rxf4 Kg5 76. Rg4+ Kh5 77. Rg8 Rd2 78. Kc6 Rd3 79. Bg4+ Kh6 80. Be6 Kh5 81. Kc5 Rg3 82. Rh8+ Kg5 83. Kd4 Kf6 84. Bc8 Kg5 85. Ke4 Ra3 86. Rg8+ Kf6 87. Bd7 Ra7 88. Bc6 Rh7 89. Rg1 Rc7 90. Bd5 Ra7 91. Kf4 Rh7 92. Be4 Rh6 93. Bf5 Rh8 94. Ra1 h3 95. Ra6+ Ke7 96. Be4 h2 97. Bh1 Kf7 98. Kg3 Ke7 99. Ra1 Kf6 100. Bg2 Rg8+ 101. Kxh2 Rg7 102. Kg1 Ke5 103. Kf2 Kd4 104. Ra4+ Ke5 105. Bf3 Rc7 106. Re4+ Kf5 107. Re8 Rc2+ 108. Kg3 Rc3 109. Rf8+ Ke5 110. Kg4 Rc7 111. Rf5+ Kd4 112. Kf4 Re7 113. Rd5+ Kc4 114. Be4 Re8 115. Ke3 Rh8 116. Re5 Rh3+ 117. Bf3 Rg3 118. Ke4 Rh3 119. Be2+ Kc3 120. Rc5+ Kd2 121. Bg4 Re3+ 122. Kf4 Re8 123. Bf5 Rf8 124. Rc2+ Kd1 125. Ra2 Rf7 126. Ke4 Rf8 127. Bg4+ Kc1 128. Kd3 Kb1 129. Rg2 Rf7 130. Be6 Rf3+ 131. Kc4 Kc1 132. Bd5 Re3 133. Kd4 Ra3 134. Be4 Ra4+ 135. Ke3 Ra7 136. Rc2+ Kd1 137. Rb2 Rc7 138. Ra2 Rc8 139. Rh2 Kc1 140. Rg2 Rc7 141. Bd3 Re7+ 142. Kd4 Kd1 143. Kc3 Ke1 144. Bb5 Re6 145. Bc4 Re7 146. Bd3 Re8 147. Bg6 Re6 148. Bd3 Re8 149. Kd4 Kd1 150. Be4 Rd8+ 151. Ke3 1/2-1/2

[Event "NOR-ch"]
[Site "Oslo"]
[Date "2021.07.09"]
[Round "8"]
[White "Agdestein, Simen"]
[Black "Kaasen, Tor Fredrik"]
[Result "1-0"]
[WhiteElo "2552"]
[BlackElo "2383"]
[PlyCount "83"]
[EventDate "2021.07.02"]
[EventType "swiss"]
[EventRounds "9"]
[EventCountry "NOR"]
[SourceTitle "CBM 203 Extra"]
[Source "ChessBase"]
[SourceDate "2021.09.30"]
[SourceVersion "1"]
[SourceVersionDate "2021.09.30"]
[SourceQuality "1"]

1. Nf3 d5 2. g3 g6 3. Bg2 Bg7 4. 0-0 e5 5. c4 dxc4 6. Na3 Nc6 7. Nxc4 Nge7 8. d3 0-0 9. Bd2 Nd5 10. a3 Re8 11. Rc1 Nd4 12. Ng5 Ne6 13. Ne4 b6 14. Ned6 cxd6 15. Bxd5 Rb8 16. Ne3 Bh6 17. b4 Bxe3 18. Bxe3 Bb7 19. Bxb7 Rxb7 20. Qa4 Ree7 21. b5 Rec7 22. Qe4 h5 23. a4 Nc5 24. Qb4 Qe7 25. d4 Nd7 26. Rc6 exd4 27. Qxd4 Ne5 28. Rxd6 Rd7 29. Rd1 Kf8 30. Bf4 Rxd6 31. Qxd6 Qxd6 32. Rxd6 Nd7 33. Rc6 Ke7 34. e4 f6 35. Bd6+ Kd8 36. Kf1 a6 37. bxa6 Ra7 38. a5 bxa5 39. Ke2 a4 40. Kd2 a3 41. Kc2 f5 42. e5 1-0

[Event "NOR-ch"]
[Site "Oslo"]
[Date "2021.07.07"]
[Round "6"]
[White "Agdestein, Simen"]
[Black "Hauge, Lars Oskar"]
[Result "1/2-1/2"]
[WhiteElo "2552"]
[BlackElo "2482"]
[PlyCount "107"]
[EventDate "2021.07.02"]
[EventType "swiss"]
[EventRounds "9"]
[EventCountry "NOR"]
[SourceTitle "CBM 203 Extra"]
[Source "ChessBase"]
[SourceDate "2021.09.30"]
[SourceVersion "1"]
[SourceVersionDate "2021.09.30"]
[SourceQuality "1"]

1. d4 f5 2. c4 Nf6 3. Nf3 g6 4. Nc3 Bg7 5. e3 0-0 6. b4 d6 7. Qb3 c5 8. bxc5 dxc5 9. Bb2 Nc6 10. d5 Na5 11. Qc2 b6 12. Rd1 Ne8 13. Na4 Qd6 14. Bxg7 Kxg7 15. Qc3+ Qf6 16. Ne5 Nd6 17. f4 Ne4 18. Qc2 Nb7 19. Bd3 Ned6 20. 0-0 Nd8 21. Qc3 N8f7 22. Bc2 e6 23. Nxf7 Nxf7 24. Qxf6+ Kxf6 25. e4 fxe4 26. Nc3 exd5 27. Nxd5+ Kg7 28. Nc7 Bg4 29. Nxa8 Bxd1 30. Rxd1 Rxa8 31. Bxe4 Re8 32. Bf3 Kf6 33. Kf2 Re7 34. a4 g5 35. g3 gxf4 36. gxf4 Kf5 37. Kg3 Kf6 38. h3 Nh6 39. Rd6+ Kg7 40. Rd5 Kf6 41. Rd6+ Kg7 42. Rd5 Kf6 43. Rh5 Nf5+ 44. Kf2 Kg6 45. Rg5+ Kf6 46. Rh5 Kg6 47. Rg5+ Kf6 48. Rg8 Nd6 49. Bd5 Ne4+ 50. Kf3 Nc3 51. Rf8+ Kg7 52. Rg8+ Kf6 53. Rf8+ Kg7 54. Rg8+ 1/2-1/2

[Event "FIDE World Cup Europe Hybrid Qual"]
[Site "Tornelo INT"]
[Date "2021.05.27"]
[Round "2.4"]
[White "Agdestein, Simen"]
[Black "Lagarde, Maxime"]
[Result "0-1"]
[WhiteElo "2552"]
[BlackElo "2638"]
[PlyCount "72"]
[EventDate "2021.05.24"]
[EventType "k.o."]
[EventRounds "3"]
[EventCountry "NET"]
[SourceTitle "CBM 202 Extra"]
[Source "ChessBase"]
[SourceDate "2021.07.31"]
[SourceVersion "1"]
[SourceVersionDate "2021.07.31"]
[SourceQuality "1"]

1. d4 f5 2. c4 Nf6 3. g3 g6 4. Bg2 Bg7 5. Nf3 0-0 6. 0-0 d6 7. Nc3 Nc6 8. d5 Ne5 9. Nxe5 dxe5 10. e4 f4 11. gxf4 exf4 12. e5 Ng4 13. e6 Ne5 14. Re1 Nxc4 15. Re4 Nd6 16. Rxf4 b5 17. Qd3 Rb8 18. Rb1 a5 19. Ne4 b4 20. Rxf8+ Qxf8 21. Nxd6 cxd6 22. b3 Ra8 23. Bg5 Ba6 24. Qe3 h6 25. Bf4 Rc8 26. Rc1 Rc3 27. Rxc3 bxc3 28. Be4 g5 29. Bg3 Qc8 30. Bc2 Qb7 31. Qe4 Qb5 32. Kg2 Qf1+ 33. Kf3 h5 34. Qh7+ Kf8 35. Qg6 g4+ 36. Kf4 Qc1+ 0-1

[Event "FIDE World Cup Europe Hybrid Qual"]
[Site "Tornelo INT"]
[Date "2021.05.26"]
[Round "2.1"]
[White "Agdestein, Simen"]
[Black "Lagarde, Maxime"]
[Result "1-0"]
[WhiteElo "2552"]
[BlackElo "2638"]
[PlyCount "115"]
[EventDate "2021.05.24"]
[EventType "k.o."]
[EventRounds "3"]
[EventCountry "NET"]
[SourceTitle "CBM 202 Extra"]
[Source "ChessBase"]
[SourceDate "2021.07.31"]
[SourceVersion "1"]
[SourceVersionDate "2021.07.31"]
[SourceQuality "1"]

1. d4 f5 2. g3 Nf6 3. Bg2 d6 4. Nf3 g6 5. 0-0 Bg7 6. c4 0-0 7. Nc3 c6 8. d5 e5 9. dxe6 Bxe6 10. b3 Ne4 11. Nxe4 fxe4 12. Nd4 Qd7 13. Bb2 Bh3 14. Qd2 Bxg2 15. Kxg2 d5 16. c5 Qe7 17. f4 e3 18. Qd3 Nd7 19. b4 Rae8 20. Rab1 Nf6 21. h3 Nh5 22. Rf3 Qe4 23. Qxe4 Rxe4 24. Nc2 Rfe8 25. Bc1 d4 26. Bb2 Bf6 27. Ne1 Ng7 28. Rf1 h5 29. Rd1 Nf5 30. g4 Nh4+ 31. Kg3 Rf8 32. Nd3 Bd8 33. Ne5 g5 34. Rxd4 Rxd4 35. Bxd4 Bc7 36. Nd3 hxg4 37. hxg4 Ng6 38. Bxe3 gxf4+ 39. Bxf4 Nxf4 40. Nxf4 Re8 41. Kh4 Re4 42. Kg5 Bd8+ 43. Kh6 Re7 44. Rd1 Bc7 45. Ng6 Rh7+ 46. Kg5 Rf7 47. e4 Rg7 48. Rd3 a5 49. a3 Kh7 50. Rh3+ Kg8 51. Rh8+ Kf7 52. Rf8+ Ke6 53. Rf6+ Kd7 54. Kh6 Rg8 55. e5 Re8 56. e6+ Kc8 57. e7 Kd7 58. Kg7 1-0

[Event "FIDE World Cup Europe Hybrid Qual"]
[Site "Tornelo INT"]
[Date "2021.05.25"]
[Round "1.2"]
[White "Arabidze, Meri"]
[Black "Agdestein, Simen"]
[Result "1/2-1/2"]
[WhiteElo "2436"]
[BlackElo "2552"]
[PlyCount "131"]
[EventDate "2021.05.24"]
[EventType "k.o."]
[EventRounds "3"]
[EventCountry "NET"]
[SourceTitle "CBM 202 Extra"]
[Source "ChessBase"]
[SourceDate "2021.07.31"]
[SourceVersion "1"]
[SourceVersionDate "2021.07.31"]
[SourceQuality "1"]

1. d4 Nf6 2. c4 e6 3. Nf3 d5 4. g3 Bb4+ 5. Bd2 Be7 6. Bg2 Ne4 7. 0-0 Nc6 8. Qc2 0-0 9. Rd1 a5 10. Nc3 Nxd2 11. Rxd2 Nb4 12. Qd1 f5 13. Ne5 c6 14. c5 Na6 15. Na4 Bf6 16. f4 Bxe5 17. fxe5 Ra7 18. Rd3 Nc7 19. Qd2 Bd7 20. Rb3 Be8 21. Rf1 h6 22. g4 Bg6 23. Rbf3 Qe7 24. Bh3 Raa8 25. gxf5 Bxf5 26. Bxf5 Rxf5 27. Rxf5 exf5 28. Rxf5 Qh4 29. Rf1 Qg4+ 30. Kh1 Qe4+ 31. Kg1 Qg4+ 32. Kh1 Qe4+ 33. Kg1 Ne6 34. Nc3 Qxd4+ 35. Qxd4 Nxd4 36. e4 dxe4 37. Nxe4 Re8 38. Nd6 Rxe5 39. Nxb7 a4 40. Rd1 Re4 41. Na5 h5 42. b3 g5 43. h3 axb3 44. Nxb3 Ne2+ 45. Kf1 Nf4 46. h4 Nd5 47. Rd4 Ne3+ 48. Kg1 Re5 49. hxg5 Rxg5+ 50. Kf2 Nf5 51. Rd8+ Kg7 52. a4 Rg4 53. Na5 Rxa4 54. Nxc6 Ra2+ 55. Kf3 h4 56. Kg4 Rc2 57. Kxf5 Rxc5+ 58. Ne5 Rc1 59. Rd7+ Kg8 60. Ng4 Rg1 61. Nf6+ Kf8 62. Rh7 Rf1+ 63. Kg5 Rg1+ 64. Kxh4 Rh1+ 65. Kg5 Rxh7 66. Nxh7+ 1/2-1/2